000 00550nam a22001815i 4500
001 177831
003 ES-MaACL
005 20230906220427.0
008 110429s2011 sp |||| | spa d
020 _a978-84-938306-0-1
080 _a821.134.2-32"19"
100 1 _aCarretero Miramar, José Luis.
_9139590
245 1 3 _aEl abogado del hombre más malo del mundo y otros relatos /
_cJosé Luis Carretero MIramar.
250 _a1ª ed.
260 _aMadrid :
_bLaMalaTesta,
_c2011.
300 _a110 p. ;
_c18 cm.
852 _aES-MaACL
_j2296-F-1
999 _c177831
_d177831